Republic of Congo : Staff-Monitored Program.

Social and political stability has improved in Congo, but the security situation is fragile. Executive Directors welcomed the Staff-Monitored Program (SMP), which was designed to safeguard fiscal and external stability. They stressed the need for stabilizing the economy and pursuing structural refor...

Descripción completa

Detalles Bibliográficos
Autor Corporativo: International Monetary Fund
Formato: Revista
Lenguaje:English
Publicado: Washington, D.C. : International Monetary Fund, 2008.
Colección:IMF Staff Country Reports; Country Report ; No. 2008/173
Acceso en línea:Full text available on IMF
LEADER 01686cas a2200241 a 4500
001 AALejournalIMF005131
008 230101c9999 xx r poo 0 0eng d
020 |c 5.00 USD 
020 |z 9781451808674 
022 |a 1934-7685 
040 |a BD-DhAAL  |c BD-DhAAL 
110 2 |a International Monetary Fund. 
245 1 0 |a Republic of Congo :   |b Staff-Monitored Program. 
264 1 |a Washington, D.C. :  |b International Monetary Fund,  |c 2008. 
300 |a 1 online resource (60 pages) 
490 1 |a IMF Staff Country Reports 
500 |a <strong>Off-Campus Access:</strong> No User ID or Password Required 
500 |a <strong>On-Campus Access:</strong> No User ID or Password Required 
506 |a Electronic access restricted to authorized BRAC University faculty, staff and students 
520 3 |a Social and political stability has improved in Congo, but the security situation is fragile. Executive Directors welcomed the Staff-Monitored Program (SMP), which was designed to safeguard fiscal and external stability. They stressed the need for stabilizing the economy and pursuing structural reforms with a view for achieving sustainable growth, reducing poverty, diversifying the economy, and benefiting from enhanced HIPC Initiative debt relief. As a sign of their renewed commitment to reengagement with the IMF, authorities established a new organizational structure for better monitoring and implementation of the economic and financial program. 
538 |a Mode of access: Internet 
830 0 |a IMF Staff Country Reports; Country Report ;  |v No. 2008/173 
856 4 0 |z Full text available on IMF  |u http://elibrary.imf.org/view/journals/002/2008/173/002.2008.issue-173-en.xml  |z IMF e-Library